Catalog

Record Details

Catalog Search



Available copies

  • 2 of 2 copies available at LARL/NWRL Consortium. (Show)
  • 0 of 0 copies available at Lake Agassiz Regional Library.

Current holds

0 current holds with 2 total copies.

Show Only Available Copies
Location Call Number / Copy Notes Barcode Shelving Location Status Due Date

Record details

  • ISBN: 055306200X
  • Physical Description: 164 p. ; 24 cm.
  • Publisher: Toronto ; Bantam Books, 1981, c1957.
LDR 00899cam a2200229 4500
0013479
003LARL_NWRL_CONSORTIUM
00519880721173838.0
008810610c19811957nyu 000 1 eng d
020 . ‡a055306200X
035 . ‡a(OCoLC)7494013
040 . ‡aIWG ‡cIWG ‡dOCL ‡dKRL
043 . ‡an-us---
092 . ‡aFICTION
1001 . ‡aL'Amour, Louis, ‡d1908-1988. ‡0(LARL_NWRL_CONSORTIUM)2194
24510. ‡aSilver canyon / ‡cLouis L'Amour.
260 . ‡aToronto ; ‡aNew York : ‡bBantam Books, ‡c1981, c1957.
300 . ‡a164 p. ; ‡c24 cm.
901 . ‡a3479 ‡bOCLC ‡c3479 ‡tbiblio

Additional Resources